[Event "25th Klatovy A 2017"]
[Site "Klatovy CZE"]
[Date "2017.07.06"]
[Round "6.29"]
[White "Krauskopfova, Lenka 1996"]
[Black "Trmal, Jaroslav"]
[Result "0-1"]
[WhiteElo "1986"]
[BlackElo "2201"]
[PlyCount "96"]
[EventDate "2017.07.01"]
[EventType "swiss"]
[EventRounds "9"]
[EventCountry "CZE"]
[SourceTitle "EXT 2018"]
[Source "ChessBase"]
[SourceDate "2017.10.13"]
[SourceVersion "1"]
[SourceVersionDate "2017.10.13"]
[SourceQuality "1"]

1. c4 e5 2. Nc3 Nf6 3. g3 c6 4. e4 Bb4 5. Bg2 O-O 6. Nge2 d6 7. O-O Be6 8. d3 Qc8 9. Qa4 Bxc3 10. Nxc3 Bh3 11. f4 Bxg2 12. Kxg2 Nbd7 13. Qd1 Nc5 14. f5 d5 15. b4 d4 16. Ne2 Ncd7 17. Ng1 a5 18. g4 axb4 19. g5 Ne8 20. Qh5 g6 21. Qh6 Ng7 22. Bd2 c5 23. Ne2 Ra6 24. f6 Ne6 25. h4 Qa8 26. h5 Rxa2 27. hxg6 fxg6 28. f7+ Kh8 29. Rad1 Qd8 30. Rf2 Qe7 31. Nc1 Ra3 32. Rdf1 b3 33. Be1 Nf4+ 34. Kh1 Rxf7 35. Qh4 b6 36. Kg1 h5 37. Rb2 Qe6 38. Kh2 b5 39. Rxb3 Rxb3 40. Nxb3 bxc4 41. dxc4 Qxc4 42. Nd2 Qe2+ 43. Kh1 c4 44. Qf2 c3 45. Nb3 Qxe4+ 46. Kh2 Kg7 47. Qa2 Qe3 48. Qf2 Qh3+ 0-1

[Event "25th Klatovy A 2017"]
[Site "Klatovy CZE"]
[Date "2017.07.06"]
[Round "6.30"]
[White "Sprenar, Petr"]
[Black "Novy, Daniel"]
[Result "1-0"]
[WhiteElo "2042"]
[BlackElo "1942"]
[PlyCount "77"]
[EventDate "2017.07.01"]
[EventType "swiss"]
[EventRounds "9"]
[EventCountry "CZE"]
[SourceTitle "EXT 2018"]
[Source "ChessBase"]
[SourceDate "2017.10.13"]
[SourceVersion "1"]
[SourceVersionDate "2017.10.13"]
[SourceQuality "1"]

1. d4 Nf6 2. c4 e6 3. g3 Bb4+ 4. Nd2 c5 5. Ngf3 cxd4 6. Nxd4 O-O 7. Bg2 e5 8. Nc2 Be7 9. O-O Nc6 10. Ne3 d6 11. a3 Ng4 12. Nd5 f5 13. b4 e4 14. Nb3 Nce5 15. h3 Nf6 16. Bb2 Be6 17. Rc1 Kh8 18. Nd4 Qd7 19. Nxe6 Qxe6 20. Nc7 Qf7 21. Nxa8 Rxa8 22. c5 Nc4 23. Bxf6 Bxf6 24. cxd6 Rd8 25. Qb3 b5 26. Rfd1 Be5 27. e3 h5 28. Bf1 h4 29. Bxc4 bxc4 30. Qxc4 Qg6 31. Qc7 Rg8 32. Qc5 Bxg3 33. fxg3 Qxg3+ 34. Kf1 Qf3+ 35. Ke1 f4 36. Rc3 Rd8 37. Rd5 g6 38. Qd4+ Kh7 39. Rc7+ 1-0

[Event "25th Klatovy A 2017"]
[Site "Klatovy CZE"]
[Date "2017.07.06"]
[Round "6.31"]
[White "Kejzlar, Lubos"]
[Black "Bartonicek, Zdenek Jr"]
[Result "1/2-1/2"]
[WhiteElo "1940"]
[BlackElo "2039"]
[PlyCount "31"]
[EventDate "2017.07.01"]
[EventType "swiss"]
[EventRounds "9"]
[EventCountry "CZE"]
[SourceTitle "EXT 2018"]
[Source "ChessBase"]
[SourceDate "2017.10.13"]
[SourceVersion "1"]
[SourceVersionDate "2017.10.13"]
[SourceQuality "1"]

1. b3 d5 2. e3 Nf6 3. Bb2 g6 4. Nf3 Bg7 5. Be2 O-O 6. O-O c5 7. d4 b6 8. dxc5 bxc5 9. c4 Bb7 10. cxd5 Qxd5 11. Qxd5 Nxd5 12. Bxg7 Kxg7 13. Nbd2 Nd7 14. Rac1 Rac8 15. Nc4 N7b6 16. Nxb6 1/2-1/2

[Event "25th Klatovy A 2017"]
[Site "Klatovy CZE"]
[Date "2017.07.06"]
[Round "6.32"]
[White "Hlavac, Rudolf"]
[Black "Pavlicek, Petr"]
[Result "1/2-1/2"]
[WhiteElo "2031"]
[BlackElo "1899"]
[PlyCount "118"]
[EventDate "2017.07.01"]
[EventType "swiss"]
[EventRounds "9"]
[EventCountry "CZE"]
[SourceTitle "EXT 2018"]
[Source "ChessBase"]
[SourceDate "2017.10.13"]
[SourceVersion "1"]
[SourceVersionDate "2017.10.13"]
[SourceQuality "1"]

1. e4 e5 2. Nf3 Nc6 3. Bb5 Nge7 4. c3 a6 5. Ba4 g6 6. O-O Bg7 7. d4 exd4 8. cxd4 b5 9. Bb3 d6 10. h3 O-O 11. Nc3 Na5 12. Bc2 c5 13. Bg5 h6 14. Bh4 g5 15. Bg3 Nc4 16. b3 Na3 17. Rc1 Nxc2 18. Rxc2 cxd4 19. Nxd4 Bb7 20. Qd3 Rc8 21. Rfc1 Qd7 22. Nf3 Rfd8 23. Nd5 Rxc2 24. Rxc2 Nc6 25. a3 Qe6 26. Qe3 Ne5 27. Nd4 Qe8 28. Nf5 Bxd5 29. Nxg7 Kxg7 30. exd5 a5 31. Rc7 a4 32. bxa4 bxa4 33. Qa7 Kg6 34. Re7 Rd7 35. Rxe8 Rxa7 36. Bxe5 dxe5 37. Rxe5 Rd7 38. g3 Kf6 39. Re4 Rxd5 40. Rxa4 Rd2 41. Ra6+ Kg7 42. Kg2 Ra2 43. Kf3 f6 44. Ra8 h5 45. Ke3 Kh7 46. a4 h4 47. gxh4 Ra3+ 48. Ke4 Rxh3 49. hxg5 fxg5 50. f3 Rh4+ 51. Ke3 Rb4 52. a5 Ra4 53. a6 g4 54. f4 g3 55. Kf3 g2 56. Kxg2 Rxf4 57. Rb8 Ra4 58. Rb7+ Kg6 59. a7 Kf6 1/2-1/2

[Event "25th Klatovy A 2017"]
[Site "Klatovy CZE"]
[Date "2017.07.06"]
[Round "6.33"]
[White "Srba, Stanislav"]
[Black "Kunc, Jan"]
[Result "1-0"]
[WhiteElo "1924"]
[BlackElo "2015"]
[PlyCount "83"]
[EventDate "2017.07.01"]
[EventType "swiss"]
[EventRounds "9"]
[EventCountry "CZE"]
[SourceTitle "EXT 2018"]
[Source "ChessBase"]
[SourceDate "2017.10.13"]
[SourceVersion "1"]
[SourceVersionDate "2017.10.13"]
[SourceQuality "1"]

1. d4 Nf6 2. c4 g6 3. Nc3 Bg7 4. e4 d6 5. f3 O-O 6. Be3 Nbd7 7. Qd2 c5 8. d5 a6 9. O-O-O Qa5 10. Kb1 Rb8 11. Nge2 b5 12. Nc1 bxc4 13. Bxc4 Nxe4 14. Nxe4 Rxb2+ 15. Qxb2 Bxb2 16. Kxb2 Qb4+ 17. Bb3 c4 18. Rd4 Qb6 19. Nxd6 Qxd6 20. Rxc4 Qe5+ 21. Bd4 Qg5 22. Rc2 Nf6 23. Re1 Qh4 24. Bc3 Bf5 25. Rce2 Rb8 26. Rxe7 Qf2+ 27. R1e2 Qb6 28. g4 Bd7 29. Kc2 Re8 30. Bxf6 Qc5+ 31. Kb2 Rxe7 32. Bxe7 Qd4+ 33. Kb1 Bb5 34. Rc2 a5 35. g5 Bd3 36. Nxd3 Qxd3 37. Bf6 Kf8 38. Kb2 Qa6 39. d6 Qb7 40. Rc7 Qb8 41. Rxf7+ Ke8 42. d7# 1-0

[Event "25th Klatovy A 2017"]
[Site "Klatovy CZE"]
[Date "2017.07.06"]
[Round "6.34"]
[White "Ondrejat, Miroslav"]
[Black "Kohout, Josef 1953"]
[Result "1/2-1/2"]
[WhiteElo "2010"]
[BlackElo "1896"]
[PlyCount "52"]
[EventDate "2017.07.01"]
[EventType "swiss"]
[EventRounds "9"]
[EventCountry "CZE"]
[SourceTitle "EXT 2018"]
[Source "ChessBase"]
[SourceDate "2017.10.13"]
[SourceVersion "1"]
[SourceVersionDate "2017.10.13"]
[SourceQuality "1"]

1. c4 c5 2. Nc3 Nc6 3. g3 g6 4. Bg2 Bg7 5. Nf3 Nf6 6. O-O O-O 7. a3 Rb8 8. Rb1 e6 9. b4 d6 10. b5 Ne7 11. d3 h6 12. Bd2 Bd7 13. a4 Kh7 14. e4 e5 15. Ne1 Qc8 16. Nc2 Bh3 17. Ne3 Nh5 18. Ncd5 Nxd5 19. Nxd5 Nf6 20. Ne3 Bxg2 21. Kxg2 Ng8 22. f4 f5 23. exf5 gxf5 24. fxe5 dxe5 25. Qh5 Ne7 26. Rbd1 Qe6 1/2-1/2

[Event "25th Klatovy A 2017"]
[Site "Klatovy CZE"]
[Date "2017.07.06"]
[Round "6.35"]
[White "Novak, Vaclav2"]
[Black "Molkanov, Oleg 2001"]
[Result "1/2-1/2"]
[WhiteElo "1829"]
[BlackElo "2117"]
[PlyCount "55"]
[EventDate "2017.07.01"]
[EventType "swiss"]
[EventRounds "9"]
[EventCountry "CZE"]
[SourceTitle "EXT 2018"]
[Source "ChessBase"]
[SourceDate "2017.10.13"]
[SourceVersion "1"]
[SourceVersionDate "2017.10.13"]
[SourceQuality "1"]

1. e4 c6 2. d4 d5 3. exd5 cxd5 4. c3 Nf6 5. Bg5 Bg4 6. f3 Bf5 7. Qb3 Qd7 8. Ne2 e6 9. Ng3 Bg6 10. Bf4 Nc6 11. Nd2 Be7 12. Be2 O-O 13. O-O Rfc8 14. a4 Ne8 15. Rfc1 Nd6 16. Qd1 Na5 17. Ngf1 Nac4 18. Nxc4 Nxc4 19. Ra2 a6 20. Ne3 b5 21. b3 Nxe3 22. Bxe3 b4 23. cxb4 Bxb4 24. Bd2 Bxd2 25. Qxd2 Rxc1+ 26. Qxc1 Qb7 27. Rb2 Qb4 28. Qd2 1/2-1/2

[Event "25th Klatovy A 2017"]
[Site "Klatovy CZE"]
[Date "2017.07.06"]
[Round "6.36"]
[White "Kubat, Miroslav"]
[Black "Vartazaryan, Gor"]
[Result "1-0"]
[WhiteElo "1983"]
[BlackElo "1795"]
[PlyCount "61"]
[EventDate "2017.07.01"]
[EventType "swiss"]
[EventRounds "9"]
[EventCountry "CZE"]
[SourceTitle "EXT 2018"]
[Source "ChessBase"]
[SourceDate "2017.10.13"]
[SourceVersion "1"]
[SourceVersionDate "2017.10.13"]
[SourceQuality "1"]

1. e4 c5 2. f4 d5 3. Nc3 d4 4. Nce2 Nf6 5. d3 e6 6. Nf3 Be7 7. Ng3 O-O 8. Be2 Nc6 9. O-O b6 10. e5 Nd5 11. Ne4 Bb7 12. a3 Re8 13. Qe1 Rc8 14. g4 Na5 15. b3 b5 16. Bd2 Nc6 17. Qg3 c4 18. dxc4 bxc4 19. Bxc4 Na5 20. Bd3 Ne3 21. Bxe3 Bxe4 22. Bxe4 dxe3 23. Qh3 g6 24. f5 exf5 25. gxf5 e2 26. Rfe1 Qb6+ 27. Kh1 Nc6 28. f6 Bf8 29. Ng5 h6 30. Nxf7 Kxf7 31. Bd5+ 1-0

[Event "25th Klatovy A 2017"]
[Site "Klatovy CZE"]
[Date "2017.07.06"]
[Round "6.37"]
[White "Cecil, Pavel"]
[Black "Hodan, Jiri"]
[Result "0-1"]
[WhiteElo "1967"]
[BlackElo "1876"]
[PlyCount "58"]
[EventDate "2017.07.01"]
[EventType "swiss"]
[EventRounds "9"]
[EventCountry "CZE"]
[SourceTitle "EXT 2018"]
[Source "ChessBase"]
[SourceDate "2017.10.13"]
[SourceVersion "1"]
[SourceVersionDate "2017.10.13"]
[SourceQuality "1"]

1. d4 Nf6 2. c4 c5 3. Nf3 cxd4 4. Nxd4 d5 5. cxd5 Nxd5 6. e4 Nf6 7. Nc3 a6 8. Bd3 e5 9. Nc2 Nc6 10. O-O Bc5 11. h3 O-O 12. Bg5 h6 13. Bh4 Be6 14. Qe2 Nd4 15. Nxd4 Bxd4 16. Bc4 Bxc4 17. Qxc4 g5 18. Bg3 Rc8 19. Qb3 b5 20. Kh2 Bxc3 21. bxc3 Nxe4 22. Bxe5 Nd2 23. Qc2 Nxf1+ 24. Rxf1 Qd5 25. f4 Qe6 26. Rf3 Qg6 27. f5 Qc6 28. f6 Rfe8 29. Rf5 Rxe5 0-1

[Event "25th Klatovy A 2017"]
[Site "Klatovy CZE"]
[Date "2017.07.06"]
[Round "6.38"]
[White "Bartonicek, Zdenek"]
[Black "Skypala, Ondrej"]
[Result "1-0"]
[WhiteElo "1942"]
[BlackElo "1685"]
[PlyCount "71"]
[EventDate "2017.07.01"]
[EventType "swiss"]
[EventRounds "9"]
[EventCountry "CZE"]
[SourceTitle "EXT 2018"]
[Source "ChessBase"]
[SourceDate "2017.10.13"]
[SourceVersion "1"]
[SourceVersionDate "2017.10.13"]
[SourceQuality "1"]

1. e4 e5 2. Nf3 Nf6 3. d4 exd4 4. e5 Ne4 5. Qxd4 d5 6. Qd3 c6 7. Be2 Qa5+ 8. c3 Bf5 9. Nd4 Bg6 10. Qh3 Nd7 11. e6 Ne5 12. O-O c5 13. exf7+ Bxf7 14. Ne6 Qb6 15. Bb5+ Ke7 16. Bg5+ Nf6 17. Nxf8 Qxb5 18. Qe3 Kd6 19. Bf4 Ne4 20. Na3 Qa4 21. Nd7 Kxd7 22. Bxe5 Rae8 23. f4 b5 24. Rad1 Kc6 25. Nb1 Bh5 26. Rc1 Qxa2 27. Nd2 Bg6 28. Nxe4 Bxe4 29. Qg3 Rhg8 30. Ra1 Qxb2 31. c4 Rxe5 32. cxb5+ Kxb5 33. fxe5 Rf8 34. e6 Re8 35. Rxa7 Rxe6 36. Rb7+ 1-0

[Event "25th Klatovy A 2017"]
[Site "Klatovy CZE"]
[Date "2017.07.06"]
[Round "6.39"]
[White "Lhotsky, Zdenek"]
[Black "Novotny, Jaroslav2"]
[Result "0-1"]
[WhiteElo "1695"]
[BlackElo "1933"]
[PlyCount "48"]
[EventDate "2017.07.01"]
[EventType "swiss"]
[EventRounds "9"]
[EventCountry "CZE"]
[SourceTitle "EXT 2018"]
[Source "ChessBase"]
[SourceDate "2017.10.13"]
[SourceVersion "1"]
[SourceVersionDate "2017.10.13"]
[SourceQuality "1"]

1. e4 c5 2. Nf3 d6 3. d4 cxd4 4. Nxd4 Nf6 5. f3 g6 6. Nc3 Bg7 7. Be3 O-O 8. Bc4 Nc6 9. Qd2 Bd7 10. O-O-O Rc8 11. Bb3 Ne5 12. g4 Nc4 13. Bxc4 Rxc4 14. h4 h5 15. Nd5 Nxd5 16. exd5 Qc7 17. gxh5 Rc8 18. Kb1 Qb6 19. Nb3 Qb5 20. c3 Bf5+ 21. Ka1 Ra4 22. Nc1 Bxc3 23. Qg2 Bg7 24. hxg6 Rxc1+ 0-1

[Event "25th Klatovy A 2017"]
[Site "Klatovy CZE"]
[Date "2017.07.06"]
[Round "6.40"]
[White "Brunova, Blanka"]
[Black "Fox, Pierre"]
[Result "1-0"]
[WhiteElo "1922"]
[BlackElo "1761"]
[PlyCount "43"]
[EventDate "2017.07.01"]
[EventType "swiss"]
[EventRounds "9"]
[EventCountry "CZE"]
[SourceTitle "EXT 2018"]
[Source "ChessBase"]
[SourceDate "2017.10.13"]
[SourceVersion "1"]
[SourceVersionDate "2017.10.13"]
[SourceQuality "1"]

1. e4 e5 2. Nf3 Nc6 3. Bc4 Nf6 4. O-O Nxe4 5. Nc3 Nxc3 6. dxc3 h6 7. Re1 d6 8. Nd4 Bd7 9. f4 Qf6 10. Nxc6 Bxc6 11. fxe5 dxe5 12. Rf1 Bc5+ 13. Kh1 Rd8 14. Bxf7+ Ke7 15. Qe2 Qd6 16. Bf4 Bxg2+ 17. Kxg2 Qc6+ 18. Rf3 Kxf7 19. Bg5+ Ke6 20. Bxd8 Rxd8 21. Qc4+ Rd5 22. Qg4+ 1-0

[Event "25th Klatovy A 2017"]
[Site "Klatovy CZE"]
[Date "2017.07.06"]
[Round "6.41"]
[White "Novak, Jaromir"]
[Black "Hlozek, David"]
[Result "0-1"]
[WhiteElo "1849"]
[BlackElo "1890"]
[PlyCount "98"]
[EventDate "2017.07.01"]
[EventType "swiss"]
[EventRounds "9"]
[EventCountry "CZE"]
[SourceTitle "EXT 2018"]
[Source "ChessBase"]
[SourceDate "2017.10.13"]
[SourceVersion "1"]
[SourceVersionDate "2017.10.13"]
[SourceQuality "1"]

1. d4 d5 2. Nf3 Nf6 3. c4 dxc4 4. Qa4+ Nbd7 5. Qxc4 e6 6. Bg5 Be7 7. Nc3 a6 8. g3 b5 9. Qd3 Bb7 10. Bg2 c5 11. O-O O-O 12. Rfd1 cxd4 13. Nxd4 Bxg2 14. Kxg2 Qb6 15. Ne4 Ne5 16. Qb1 Qb7 17. Bxf6 Bxf6 18. Kg1 Be7 19. Nd2 Rfd8 20. Qe4 Qd5 21. Qxd5 Rxd5 22. N2f3 Rad8 23. Nxe5 Rxe5 24. Nf3 Rxd1+ 25. Rxd1 Rxe2 26. Rd2 Rxd2 27. Nxd2 Bf6 28. b3 Kf8 29. Kf1 Ke7 30. Nf3 Kd6 31. Ne1 Kd5 32. Nc2 Bc3 33. Ke2 e5 34. Kd3 Bd4 35. f3 a5 36. g4 g6 37. Nxd4 exd4 38. g5 Ke5 39. h4 Kd5 40. Kd2 Kc5 41. Kd3 Kb4 42. Kxd4 Ka3 43. Kc5 b4 44. Kb5 Kxa2 45. Ka4 Kb2 46. f4 Kc3 47. f5 gxf5 48. h5 f4 49. g6 fxg6 0-1

[Event "25th Klatovy A 2017"]
[Site "Klatovy CZE"]
[Date "2017.07.06"]
[Round "6.43"]
[White "Odehnal, Jaroslav"]
[Black "Danek, Vaclav"]
[Result "1-0"]
[WhiteElo "1930"]
[BlackElo "1953"]
[PlyCount "77"]
[EventDate "2017.07.01"]
[EventType "swiss"]
[EventRounds "9"]
[EventCountry "CZE"]
[SourceTitle "EXT 2018"]
[Source "ChessBase"]
[SourceDate "2017.10.13"]
[SourceVersion "1"]
[SourceVersionDate "2017.10.13"]
[SourceQuality "1"]

1. e4 e5 2. Nf3 Nc6 3. d4 exd4 4. Nxd4 Bc5 5. Be3 Qf6 6. c3 Nge7 7. Be2 d6 8. O-O Qg6 9. Nd2 Bh3 10. Bf3 Ne5 11. Kh1 Nxf3 12. Qxf3 Bd7 13. b4 Bb6 14. Rfe1 O-O 15. a4 a6 16. Nc4 Ba7 17. h3 Rae8 18. Nf5 Bxe3 19. Ncxe3 Bc6 20. Nd5 Bxd5 21. Nxe7+ Rxe7 22. exd5 Rfe8 23. Rxe7 Rxe7 24. Rc1 Qg5 25. Rd1 Re5 26. c4 Qe7 27. Kh2 Re4 28. Qc3 b6 29. a5 f6 30. Ra1 bxa5 31. Rxa5 Re1 32. Rxa6 Qe4 33. Rc6 Qf4+ 34. Qg3 Qc1 35. Qg4 Rh1+ 36. Kg3 Qc3+ 37. Qf3 Qe5+ 38. Qf4 Qc3+ 39. Qe3 1-0

[Event "25th Klatovy A 2017"]
[Site "Klatovy CZE"]
[Date "2017.07.07"]
[Round "7.1"]
[White "Neuman, Petr"]
[Black "Hadraba, Vladimir"]
[Result "1-0"]
[WhiteElo "2442"]
[BlackElo "2197"]
[PlyCount "74"]
[EventDate "2017.07.01"]
[EventType "swiss"]
[EventRounds "9"]
[EventCountry "CZE"]
[SourceTitle "EXT 2018"]
[Source "ChessBase"]
[SourceDate "2017.10.13"]
[SourceVersion "1"]
[SourceVersionDate "2017.10.13"]
[SourceQuality "1"]

1. e4 c5 2. Nc3 Nc6 3. Bb5 d6 4. Bxc6+ bxc6 5. f4 g6 6. d3 Bg7 7. Nf3 Rb8 8. O-O Nf6 9. h3 O-O 10. Qe1 c4 11. d4 d5 12. e5 Ne8 13. b3 Ba6 14. Rf2 Nc7 15. Na4 Ne6 16. Be3 Bb5 17. Nc5 Nxc5 18. dxc5 e6 19. Bd4 a5 20. g4 cxb3 21. axb3 Ra8 22. Ra3 Re8 23. Qc3 Kf8 24. Rh2 Ke7 25. Kf2 a4 26. b4 Rh8 27. f5 Kd7 28. f6 Bf8 29. h4 h6 30. Rh1 Qe8 31. Rha1 h5 32. g5 Qb8 33. Ne1 Ra6 34. Ng2 Rg8 35. Ne3 Qa8 36. Nd1 Kc7 37. Nb2 Qa7 1-0

[Event "25th Klatovy A 2017"]
[Site "Klatovy CZE"]
[Date "2017.07.07"]
[Round "7.2"]
[White "Formanek, Martin"]
[Black "Nomin Erdene, Davaademberel"]
[Result "1/2-1/2"]
[WhiteElo "2273"]
[BlackElo "2373"]
[PlyCount "81"]
[EventDate "2017.07.01"]
[EventType "swiss"]
[EventRounds "9"]
[EventCountry "CZE"]
[SourceTitle "EXT 2018"]
[Source "ChessBase"]
[SourceDate "2017.10.13"]
[SourceVersion "1"]
[SourceVersionDate "2017.10.13"]
[SourceQuality "1"]

1. e4 e5 2. Nf3 Nc6 3. Bb5 a6 4. Ba4 Nf6 5. O-O Be7 6. Re1 b5 7. Bb3 d6 8. c3 O-O 9. d3 Na5 10. Bc2 c5 11. Nbd2 Re8 12. Nf1 Nc6 13. a4 Bb7 14. Ng3 Bf8 15. d4 exd4 16. cxd4 Qc7 17. d5 Nb4 18. Bb1 bxa4 19. Rxa4 g6 20. Bd2 a5 21. Bc3 Bg7 22. Qd2 Qd8 23. Bd3 Ba6 24. Bxa6 Rxa6 25. Raa1 Nd7 26. Rad1 Rb6 27. h4 h5 28. Ng5 Bh6 29. f4 f6 30. Ne6 Qe7 31. Qf2 Qf7 32. Qf3 Nc2 33. Re2 Nd4 34. Nxd4 cxd4 35. Bxd4 Rb4 36. Bc3 Rb3 37. Ra1 Ra8 38. Ra3 a4 39. Kh2 Rxa3 40. bxa3 Qe7 41. Kh3 1/2-1/2

[Event "25th Klatovy A 2017"]
[Site "Klatovy CZE"]
[Date "2017.07.07"]
[Round "7.3"]
[White "Vorisek, Jaroslav"]
[Black "Novotny, Michal"]
[Result "1-0"]
[WhiteElo "2185"]
[BlackElo "2264"]
[PlyCount "127"]
[EventDate "2017.07.01"]
[EventType "swiss"]
[EventRounds "9"]
[EventCountry "CZE"]
[SourceTitle "EXT 2018"]
[Source "ChessBase"]
[SourceDate "2017.10.13"]
[SourceVersion "1"]
[SourceVersionDate "2017.10.13"]
[SourceQuality "1"]

1. d4 Nf6 2. c4 g6 3. g3 Bg7 4. Bg2 O-O 5. Nc3 c5 6. e3 Nc6 7. Nge2 cxd4 8. Nxd4 d6 9. O-O Bd7 10. b3 Rc8 11. Bb2 a6 12. Qe2 Re8 13. Rfc1 Qb6 14. Nc2 Bg4 15. Qd2 Qa5 16. h3 Be6 17. Qe2 Nd7 18. Nd4 Nxd4 19. exd4 Bxd4 20. Bxb7 Ne5 21. Bg2 Bf5 22. Na4 Ba7 23. Bc3 Qc7 24. Nb2 h5 25. Rd1 f6 26. Rd2 Kg7 27. Nd1 a5 28. Ne3 Bxe3 29. Qxe3 a4 30. Rd5 Rb8 31. Bd4 Be6 32. Rb5 Rxb5 33. cxb5 axb3 34. axb3 Bf7 35. f4 Nd7 36. Bc6 e5 37. fxe5 dxe5 38. Bc3 Rb8 39. Ra7 Qb6 40. Bd2 Nc5 41. Re7 Qd8 42. Qxc5 Qxd2 43. Rxf7+ Kxf7 44. Qa7+ Ke6 45. Qxb8 Qe1+ 46. Kh2 Qf2+ 47. Bg2 h4 48. Qg8+ Kd6 49. Qxg6 Kc5 50. gxh4 Kxb5 51. Qe4 f5 52. Qxe5+ Kb4 53. Qg3 Qe2 54. Qf3 Qe5+ 55. Qg3 Qe2 56. Kg1 Qd1+ 57. Bf1 Qd4+ 58. Qf2 Qg7+ 59. Kh1 Kxb3 60. Qb6+ Kc3 61. Qa5+ Kc2 62. Qxf5+ Kc3 63. Qf3+ Kd2 64. Qg2+ 1-0

[Event "25th Klatovy A 2017"]
[Site "Klatovy CZE"]
[Date "2017.07.07"]
[Round "7.4"]
[White "Lacina, Adolf"]
[Black "Furman, Boris"]
[Result "1-0"]
[WhiteElo "2237"]
[BlackElo "2177"]
[PlyCount "67"]
[EventDate "2017.07.01"]
[EventType "swiss"]
[EventRounds "9"]
[EventCountry "CZE"]
[SourceTitle "EXT 2018"]
[Source "ChessBase"]
[SourceDate "2017.10.13"]
[SourceVersion "1"]
[SourceVersionDate "2017.10.13"]
[SourceQuality "1"]

1. e4 c5 2. Nf3 Nc6 3. d4 cxd4 4. Nxd4 Nf6 5. Nc3 d6 6. Bg5 e6 7. Qd2 Be7 8. O-O-O O-O 9. f4 d5 10. e5 Nd7 11. h4 Nb6 12. Bxe7 Qxe7 13. Qe3 Bd7 14. Ncb5 Nxd4 15. Nxd4 Rac8 16. h5 h6 17. Rh3 Nc4 18. Bxc4 Rxc4 19. Rg3 Kh8 20. Rg4 Rfc8 21. Kb1 Qc5 22. c3 Ba4 23. Rd3 Bd7 24. Qd2 a5 25. Rdg3 Qf8 26. Qf2 b5 27. Rxg7 b4 28. f5 bxc3 29. fxe6 c2+ 30. Kc1 Rxd4 31. Qxd4 fxe6 32. Rg8+ Qxg8 33. Rxg8+ Kxg8 34. Qg4+ 1-0

[Event "25th Klatovy A 2017"]
[Site "Klatovy CZE"]
[Date "2017.07.07"]
[Round "7.5"]
[White "Hausner, Ivan"]
[Black "Hurdzan, Tomas"]
[Result "1/2-1/2"]
[WhiteElo "2363"]
[BlackElo "2164"]
[PlyCount "62"]
[EventDate "2017.07.01"]
[EventType "swiss"]
[EventRounds "9"]
[EventCountry "CZE"]
[SourceTitle "EXT 2018"]
[Source "ChessBase"]
[SourceDate "2017.10.13"]
[SourceVersion "1"]
[SourceVersionDate "2017.10.13"]
[SourceQuality "1"]

1. c4 e6 2. g3 d5 3. Bg2 Nf6 4. Nf3 Be7 5. d4 O-O 6. Nc3 dxc4 7. Ne5 c5 8. dxc5 Qxd1+ 9. Nxd1 Bxc5 10. O-O Nc6 11. Nxc4 Nd4 12. Nc3 Bb4 13. Bd2 Bxc3 14. Bxc3 Nxe2+ 15. Kh1 Nxc3 16. bxc3 Rb8 17. Nd6 Rd8 18. Rfd1 Kf8 19. c4 b6 20. Nb5 Rxd1+ 21. Rxd1 a6 22. Na7 Bd7 23. Rb1 b5 24. c5 Nd5 25. c6 Bc8 26. a4 b4 27. a5 Ra8 28. Nxc8 Rxc8 29. Bxd5 exd5 30. Rxb4 Rxc6 31. Rb6 Rc2 1/2-1/2

[Event "25th Klatovy A 2017"]
[Site "Klatovy CZE"]
[Date "2017.07.07"]
[Round "7.6"]
[White "Krutsky, Martin"]
[Black "Weber, Dirk"]
[Result "1-0"]
[WhiteElo "2045"]
[BlackElo "2269"]
[PlyCount "99"]
[EventDate "2017.07.01"]
[EventType "swiss"]
[EventRounds "9"]
[EventCountry "CZE"]
[SourceTitle "EXT 2018"]
[Source "ChessBase"]
[SourceDate "2017.10.13"]
[SourceVersion "1"]
[SourceVersionDate "2017.10.13"]
[SourceQuality "1"]

1. e4 e5 2. Nf3 d6 3. d4 Nf6 4. Nc3 Nbd7 5. Bc4 Be7 6. O-O O-O 7. a4 c6 8. Re1 h6 9. h3 Re8 10. a5 Bf8 11. d5 cxd5 12. Nxd5 Nxd5 13. Qxd5 Qe7 14. Be3 Nf6 15. Qd3 Be6 16. a6 Bxc4 17. Qxc4 Rec8 18. Qd3 bxa6 19. Nd2 Qb7 20. c4 Ne8 21. b4 Be7 22. Ra4 Nc7 23. Rea1 Qc6 24. Nb3 Rd8 25. Na5 Qd7 26. Nb7 Rdb8 27. Nc5 Qc8 28. Nb3 Qe6 29. Na5 Rf8 30. Nc6 Qd7 31. Nxe5 Qe6 32. Nc6 Bf6 33. Rd1 Rfe8 34. f3 Be5 35. Ra5 h5 36. Bd4 Bf4 37. Rxh5 Qg6 38. Rh4 Ne6 39. Rg4 Qh5 40. Bxg7 Nxg7 41. Rxf4 Re6 42. Rg4 Kf8 43. Qc3 Ne8 44. Rd5 Qh7 45. Rdg5 Rg6 46. Qd4 Rxg5 47. Rxg5 f6 48. Rg4 Qd7 49. Qd5 Ng7 50. Rh4 1-0

[Event "25th Klatovy A 2017"]
[Site "Klatovy CZE"]
[Date "2017.07.07"]
[Round "7.7"]
[White "Jurek, Josef"]
[Black "Toman, Ondrej"]
[Result "1-0"]
[WhiteElo "2263"]
[BlackElo "2206"]
[PlyCount "137"]
[EventDate "2017.07.01"]
[EventType "swiss"]
[EventRounds "9"]
[EventCountry "CZE"]
[SourceTitle "EXT 2018"]
[Source "ChessBase"]
[SourceDate "2017.10.13"]
[SourceVersion "1"]
[SourceVersionDate "2017.10.13"]
[SourceQuality "1"]

1. Nf3 Nf6 2. c4 g6 3. d4 Bg7 4. g3 O-O 5. Bg2 c6 6. Nc3 d5 7. cxd5 cxd5 8. Ne5 e6 9. O-O Nc6 10. Nxc6 bxc6 11. Bf4 Nd7 12. Qd2 Qb6 13. Rfd1 Ba6 14. Rac1 Rfe8 15. e4 f5 16. exf5 exf5 17. Nxd5 cxd5 18. Bxd5+ Kh8 19. Bc7 Qf6 20. Rc6 Rac8 21. Rxf6 Nxf6 22. Bf3 Rxc7 23. Qa5 Bb7 24. Qxc7 Bxf3 25. Rc1 Bh6 26. Ra1 Nd5 27. Qxa7 Re2 28. Qb8+ Kg7 29. Qb5 Kf7 30. a4 Be3 31. Qxe2 Bxe2 32. fxe3 Ke6 33. Rc1 Kd6 34. Kf2 Ba6 35. b3 Nb4 36. Rc3 g5 37. h3 h6 38. g4 Nd5 39. Rc5 fxg4 40. hxg4 Nf6 41. Ra5 Bc8 42. Ra8 Bb7 43. Rd8+ Kc7 44. Rh8 Nxg4+ 45. Ke2 Be4 46. b4 Nf6 47. Rxh6 Nd5 48. Re6 Bc2 49. Re5 Nxb4 50. Rxg5 Bxa4 51. e4 Kd6 52. Rg6+ Kd7 53. Ke3 Bc6 54. Kf4 Ke7 55. Rh6 Nd3+ 56. Ke3 Nb4 57. Rh1 Bb5 58. Rb1 Nc2+ 59. Kd2 Na3 60. Rb4 Nc4+ 61. Kc3 Nd6 62. d5 Ba6 63. Kd4 Bc8 64. Rb1 Bd7 65. Rh1 Ke8 66. e5 Nf5+ 67. Kc5 Ke7 68. Rh7+ Kd8 69. e6 1-0